effect of different concentration of chitosan fertilizer on green mustard yield aat royal university of agriculture ឥទ្ធិពលកំហាបើជី chitosan ផ្សេងគ្នាលើទិន្នផលដំណាំស្ពៃខៀវនៅក្នុងលក្ខខណ្ឌដីសាកលវិទ្យាល័យភូមិន្ទកសិកម្ម (Record no. 18176)
[ view plain ]
| 000 -LEADER | |
|---|---|
| fixed length control field | 00797nam a22001577a 4500 |
| 003 - CONTROL NUMBER IDENTIFIER | |
| control field | OSt |
| 005 - DATE AND TIME OF LATEST TRANSACTION | |
| control field | 20190823104915.0 |
| 008 - FIXED-LENGTH DATA ELEMENTS--GENERAL INFORMATION | |
| fixed length control field | 190823b xxu||||| |||| 00| 0 eng d |
| 040 ## - CATALOGING SOURCE | |
| Transcribing agency | RUA |
| 082 ## - DEWEY DECIMAL CLASSIFICATION NUMBER | |
| Classification number | AGR YIN 2015 B644 Or.1 |
| 100 ## - MAIN ENTRY--PERSONAL NAME | |
| 9 (RLIN) | 13848 |
| Personal name | YIN SREYOUN យុិន ស្រីអូន |
| 245 ## - TITLE STATEMENT | |
| Title | effect of different concentration of chitosan fertilizer on green mustard yield aat royal university of agriculture ឥទ្ធិពលកំហាបើជី chitosan ផ្សេងគ្នាលើទិន្នផលដំណាំស្ពៃខៀវនៅក្នុងលក្ខខណ្ឌដីសាកលវិទ្យាល័យភូមិន្ទកសិកម្ម |
| 260 ## - PUBLICATION, DISTRIBUTION, ETC. (IMPRINT) | |
| Place of publication, distribution, etc. | phnom penh |
| Name of publisher, distributor, etc. | rua |
| Date of publication, distribution, etc. | 2015 |
| 300 ## - PHYSICAL DESCRIPTION | |
| Extent | vii;36p; |
| Other physical details | ill; |
| Dimensions | 29cm; |
| 942 ## - ADDED ENTRY ELEMENTS (KOHA) | |
| Source of classification or shelving scheme | |
| Koha item type | AGR |
| Price effective from | Date last seen | Permanent Location | Not for loan | Date acquired | Source of classification or shelving scheme | Koha item type | Barcode | Lost status | Damaged status | Shelving location | Withdrawn status | Current Location | Full call number |
|---|---|---|---|---|---|---|---|---|---|---|---|---|---|
| 2019-08-23 | 2019-08-23 | Library Block B | 2019-08-23 | AGR | A44436 | B544 | Library Block B | AGR YIN 2015 B644 Or.1 | |||||
| 2019-08-23 | 2019-08-23 | Library Block B | 2019-08-23 | AGR | A43708 | B544 | Library Block B | AGR YIN 2015 B644 Or.2 | |||||
| 2019-08-23 | 2019-08-23 | Library Block B | 2019-08-23 | AGR | A44286 | B544 | Library Block B | AGR YIN 2015 B644 Or.3 | |||||
| 2019-08-23 | 2019-08-23 | Library Block B | 2019-08-23 | AGR | A43713 | B544 | Library Block B | AGR YIN 2015 B644 Or.4 | |||||
| 2019-08-23 | 2019-08-23 | Library Block B | 2019-08-23 | AGR | A43644 | B544 | Library Block B | AGR YIN 2015 B644 Or.5 | |||||
| 2019-08-23 | 2019-08-23 | Library Block B | 2019-08-23 | AGR | A43723 | B544 | Library Block B | AGR YIN 2015 B644 Or.6 |